| 000 | 00530nam a2200169 i 4500 | ||
|---|---|---|---|
| 001 | 35757 | ||
| 003 | ES-MaACL | ||
| 005 | 20230906155214.0 | ||
| 007 | t| | ||
| 008 | 030214s1909 fr ||||1| fre d | ||
| 100 | 1 |
_aBouillon, Socrates. _930885 |
|
| 245 | 1 | 3 |
_aLa vente cooperative des cereales áa l'etranger et en France / _cpar Socrates Bouillon ; preface par Alfred Paisant. |
| 260 |
_aParis : _bArthur Rousseau, _c1909. |
||
| 300 |
_aX, 284 p. ; _c25 cm. |
||
| 700 | 1 |
_aPaisant, Alfred. _988339 |
|
| 852 |
_aES-MaACL _jF-11355 |
||
| 999 |
_c35757 _d35757 |
||